000 00735nam a2200217 a 4500
001 000034726
005 20200930073850.0
008 111019s1969 sp 000 0 spa d
040 _aDO-SdBNP
_bspa
_cBNPHU
082 _a956.04
_bP833c
100 1 _aPorcel, Baltasar,
_d1937-2009
_960191
245 1 3 _aEl confllicto Árabe-Israelí /
_cBaltasar Porcel.
260 _aBarcelona :
_bEdiciones Ariel,
_c1969.
300 _a182 p. ;
_c18 cm.
490 1 _aAriel quincenal
_v16
650 4 _aConflicto fronterizo árabe-israelí
_960192
651 4 _aMedio Oriente
_xHistoria
_ySIGLO XX
_960193
651 4 _aMedio Oriente
_xPolítica Y Gobierno
_960194
830 0 _aAriel quincenal
_v16
_95048
910 _aValidado. Control de calidad BNPHU
999 _c34217
_d34217